La defensa de la Constitución : estudio acerca de las diversas especies y posibilidades de salvaguardia de la Constitución /

Spremljeno u:
Bibliografski detalji
Glavni autor: Schmitt, Carl (autor.)
Daljnji autori: Sanchez Sarto, Manuel (traductor.), Agurto Gonzáles, Carlos Antonio (Urednik), Quequejana Mamani, Sonia Lidia (Urednik), Choque Cuenca, Benigno (Urednik)
Format: e-knjiga
Jezik:španjolski
Izdano: Bogotá : Grupo Editorial Ibañez, 2024.
Teme:
Online pristup:https://elibro.unach.elogim.com/es/lc/unach/titulos/289941
Oznake: Dodaj oznaku
Bez oznaka, Budi prvi tko označuje ovaj zapis!

MARC

LEADER 00000nam a2200000 i 4500
001 ELB289941
003 FINmELB
005 20251222123933.0
006 m o u
007 cr cn|||||||||
008 251222s2024 ck ob 000 0 spa d
020 |z 9789564075310 
035 |a (OCoLC)1564682910 
040 |a FINmELB  |b spa  |e rda  |c FINmELB 
050 1 4 |a K3165  |b S355 2024 
080 |a 340.12 
082 0 4 |a 342  |2 23 
100 1 |a Schmitt, Carl,  |e autor. 
245 1 3 |a La defensa de la Constitución :  |b estudio acerca de las diversas especies y posibilidades de salvaguardia de la Constitución /  |c Carl Schmitt ; edición al cuidado de Carlos Antonio Agurto Gonzáles, Sonia Lidia Quequejana Mamani, Benigno Choque Cuenca ; traducción de Manuel Sanchez Sarto. 
264 1 |a Bogotá :  |b Grupo Editorial Ibañez,  |c 2024. 
300 |a 1 recurso en línea (193 páginas) 
336 |a texto  |b txt  |2 rdamedia/spa 
337 |a computadora  |b c  |2 rdamedia/spa 
338 |a recurso en línea  |b cr  |2 rdacarrier/spa 
504 |a Incluye referencias bibliográficas. 
588 |a Descripción basada en metadatos suministrados por el editor y otras fuentes. 
590 |a Recurso electrónico. Santa Fe, Arg.: elibro, 2025. Disponible vía World Wide Web. El acceso puede estar limitado para las bibliotecas afiliadas a elibro. 
650 4 |a Derecho constitucional. 
655 4 |a Libros electrónicos. 
700 1 |a Sanchez Sarto, Manuel,  |e traductor. 
700 1 |a Agurto Gonzáles, Carlos Antonio,  |e editor. 
700 1 |a Quequejana Mamani, Sonia Lidia,  |e editor. 
700 1 |a Choque Cuenca, Benigno,  |e editor. 
797 2 |a elibro, Corp. 
856 4 0 |u https://elibro.unach.elogim.com/es/lc/unach/titulos/289941